Кёгэн: японский средневековый фарс: пер. с яп.

Podrobná bibliografie
Další autoři: Логунова В. В. (переводчик), Конрад Н. И. (редактор)
Jazyk:ruština
Vydáno: Москва, Изд-во восточной литературы, 1958
Témata:
Médium: MixedMaterials Kniha
KOHA link:https://koha.lib.tpu.ru/cgi-bin/koha/opac-detail.pl?biblionumber=322943

MARC

LEADER 00000nam0a2200000 4500
001 322943
005 20231102003525.0
035 |a (RuTPU)RU\TPU\book\348501 
090 |a 322943 
100 |a 20161006d1958 m y0rusy50 ca 
101 1 |a rus  |c jpn 
102 |a RU 
105 |a a z 001by 
200 1 |a Кёгэн: японский средневековый фарс  |e пер. с яп.  |f пер. В. В. Логунова ; под ред. Н. И. Конрада 
210 |a Москва  |c Изд-во восточной литературы  |d 1958 
215 |a 191 с.  |c ил. 
320 |a Вступительная статья: с. 3-14 
606 1 |a Японская литература  |2 stltpush  |3 (RuTPU)RU\TPU\subj\21829  |9 46759 
610 1 |a художественная литература 
610 1 |a Япония 
610 1 |a средние века 
610 1 |a драматургия 
675 |a 895.6  |v 4 
702 1 |a Логунова  |b В. В.  |4 730 
702 1 |a Конрад  |b Н. И.  |4 340 
801 1 |a RU  |b 63413507  |c 20161006 
801 2 |a RU  |b 63413507  |c 20210113  |g RCR 
942 |c BK